000 00537nam a2200193 a 4500
005 20140414132133.0
008 040128s19uu xx 00 eng d
020 _a9789810177751
050 _aTR 510
_bF66 2009
100 _aKheong, Fong Ho
245 _aMaths 2A:
_cFong Ho Kheong.
_bWorkbook Part 2 /
250 _a2nd
260 _bMPH,
_c2009.
_aSingapore :
300 _a112 p. ; cm.
440 _aMy pals are here!
650 _aMathematics-
_xstudy and teaching.
650 _aMathematics-
_xapplications.
999 _c115287
_d115287